| 000 | 00654nam a2200193 u 4500 | ||
|---|---|---|---|
| 001 | 000023747 | ||
| 005 | 20200930022433.0 | ||
| 008 | 110112s1959 ck r 000 c spa d | ||
| 040 |
_aDO-SdBNP _bspa _cBNPHU |
||
| 082 |
_axxx _bA553h |
||
| 100 | 1 |
_aAndrade Rivera, Gustavo. _948896 |
|
| 245 | 1 | 3 |
_aEl hombre que vendía talento : _basunta teatral en dos actos / _cGustavo Andrade Rivera. |
| 246 | 2 | 1 | _iRémington 22 ; El hombre que vendía talento ; Historias para quitar el miedo |
| 260 |
_aBototá : _b[ s.n.] , _c1959. |
||
| 300 |
_a78 p. ; _c21 cm. |
||
| 490 | 1 | 0 |
_aCuadernos Huilenses _v3 |
| 830 | 0 |
_aCuadernos Huilenses ; _v3 _948897 |
|
| 049 | _aBNGR | ||
| 999 |
_c23243 _d23243 |
||